[Event "AUT-chT2S 9900"]
[Site "Austria"]
[Date "1999.11.21"]
[Round "4.4"]
[White "Mahdy, Khaled"]
[Black "Hanser, Michael"]
[Result "1-0"]
[WhiteElo "2332"]
[BlackElo "2180"]
[PlyCount "73"]
[EventDate "1999.10.??"]
[EventType "team"]
[EventRounds "11"]
[EventCountry "AUT"]
[SourceTitle "EXT 2002"]
[Source "ChessBase"]
[SourceDate "2001.11.25"]
[SourceVersion "1"]
[SourceVersionDate "2001.11.25"]
[SourceQuality "1"]

1. e4 c5 2. Nf3 Nc6 3. Bb5 e6 4. Bxc6 bxc6 5. d3 Ne7 6. Ng5 h6 7. Nh3 Ng6 8. 0-0 d5 9. Nc3 Be7 10. f4 Nf8 11. Qf3 Nd7 12. Ne2 Qc7 13. Ng3 Bb7 14. f5 e5 15. c4 Nf6 16. Nh5 Nxh5 17. Qxh5 Bf6 18. Be3 Qe7 19. Rac1 d4 20. Bd2 a5 21. Rc2 Qd8 22. Nf2 Ke7 23. Ng4 Qd6 24. Rf3 Qc7 25. Rg3 Rag8 26. Nxf6 gxf6 27. Rxg8 Rxg8 28. Qxh6 Qd8 29. Qh4 Rg7 30. Qe1 a4 31. Ba5 Qh8 32. Bb6 Kd6 33. a3 Qh5 34. Bxc5+ Kd7 35. Rf2 Qg5 36. g3 Kc8 37. Bb6 1-0

[Event "AUT-chT2S 9899"]
[Site "Austria"]
[Date "1999.01.23"]
[Round "5.5"]
[White "Kaspret, Guido"]
[Black "Hanser, Michael"]
[Result "1-0"]
[WhiteElo "2335"]
[BlackElo "2180"]
[PlyCount "91"]
[EventDate "1998.10.??"]
[EventType "team"]
[EventRounds "11"]
[EventCountry "AUT"]
[SourceTitle "EXT 2001"]
[Source "ChessBase"]
[SourceDate "2000.11.22"]
[SourceVersion "1"]
[SourceVersionDate "2000.11.22"]
[SourceQuality "1"]

1. c4 Nf6 2. Nc3 g6 3. g3 Bg7 4. Bg2 0-0 5. d4 d6 6. Nf3 Nc6 7. 0-0 e5 8. dxe5 Nxe5 9. Nxe5 dxe5 10. Qxd8 Rxd8 11. Bg5 Re8 12. Nb5 Re7 13. Rfd1 Be6 14. Bxb7 Rb8 15. Bg2 Bxc4 16. Nxa7 Ree8 17. b3 Bxe2 18. Rd2 Bg4 19. Nc6 Rbc8 20. Re1 h6 21. Bxf6 Bxf6 22. h3 Bf5 23. g4 Be6 24. Rde2 Bd7 25. Nxe5 Bb5 26. Re4 c5 27. a4 Rxe5 28. Rxe5 Bxe5 29. Rxe5 Bd3 30. Be4 c4 31. Bxd3 cxd3 32. Rd5 Rc3 33. b4 Rb3 34. b5 Ra3 35. Rd4 d2 36. Rxd2 Rxa4 37. Rb2 Ra7 38. b6 Rb7 39. Kg2 Kf8 40. Kf3 Ke7 41. Ke4 Kd6 42. Kd4 g5 43. Rb3 Kc6 44. Ke5 Kc5 45. Rb1 Kc4 46. Kd6 1-0

[Event "Bled op 18th"]
[Site "Bled"]
[Date "1997.??.??"]
[Round "7"]
[White "Hanser, Michael"]
[Black "Susnik, Matej"]
[Result "0-1"]
[WhiteElo "2150"]
[BlackElo "2235"]
[PlyCount "116"]
[EventDate "1997.03.15"]
[EventType "swiss"]
[EventRounds "9"]
[EventCountry "SLO"]
[SourceTitle "CBM 057 Extra"]
[Source "ChessBase"]
[SourceDate "1997.05.01"]
[SourceVersion "1"]
[SourceVersionDate "1997.05.01"]
[SourceQuality "1"]

1. e4 c5 2. d4 cxd4 3. c3 dxc3 4. Nxc3 d6 5. Bc4 Nc6 6. Nf3 e6 7. 0-0 Nf6 8. Qe2 a6 9. Rd1 Qc7 10. Bf4 Be7 11. Rac1 0-0 12. h3 Ne5 13. Bb3 Qb8 14. a4 Bd7 15. Nd4 Rc8 16. Bg3 Rd8 17. f4 Nc6 18. Nf3 Na5 19. Ba2 b5 20. f5 b4 21. Ng5 bxc3 22. bxc3 Bxa4 23. fxe6 Bxd1 24. exf7+ Kh8 25. Rxd1 Qb5 26. Qd2 Nc4 27. Bxc4 Qxc4 28. e5 Nd7 29. Nf3 Qxf7 30. exd6 Bf6 31. Qf4 Qb3 32. Rc1 a5 33. Nd4 Bxd4+ 34. cxd4 a4 35. Bh4 Rf8 36. Qe4 Rae8 37. Be7 Rg8 38. h4 Qf7 39. Qc6 Nf6 40. Qxa4 Ra8 41. Qb5 Rab8 42. Qe2 Qd5 43. Qd2 Ra8 44. Rc5 Ra2 45. Rxd5 Rxd2 46. Rf5 Ng4 47. Rf1 Rxd4 48. g3 Rd2 49. Rc1 Nf6 50. Rc4 h6 51. Kf1 Nd5 52. Ke1 Ra2 53. g4 Nxe7 54. dxe7 Re8 55. Rc7 Ra5 56. Kf2 Re5 57. g5 hxg5 58. hxg5 Rxg5 0-1

[Event "Bled op 18th"]
[Site "Bled"]
[Date "1997.??.??"]
[Round "2"]
[White "Hanser, Michael"]
[Black "Tratar, Marko"]
[Result "1-0"]
[WhiteElo "2150"]
[BlackElo "2420"]
[PlyCount "75"]
[EventDate "1997.03.15"]
[EventType "swiss"]
[EventRounds "9"]
[EventCountry "SLO"]
[SourceTitle "CBM 057 Extra"]
[Source "ChessBase"]
[SourceDate "1997.05.01"]
[SourceVersion "1"]
[SourceVersionDate "1997.05.01"]
[SourceQuality "1"]

1. e4 c5 2. d4 cxd4 3. c3 Nf6 4. e5 Nd5 5. Qxd4 e6 6. Nf3 Nc6 7. Qe4 d6 8. Bb5 Bd7 9. exd6 Bxd6 10. 0-0 Qa5 11. a4 a6 12. Bc4 Nf6 13. Qe2 Qh5 14. Rd1 Bc7 15. Nbd2 Ne5 16. Nxe5 Qxe5 17. Qxe5 Bxe5 18. Nf3 Bc7 19. Be3 0-0-0 20. b4 Ng4 21. Bc5 Bc6 22. Nd4 Bd5 23. Be2 Ne5 24. a5 Bc4 25. Bxc4 Nxc4 26. Rdb1 Rd5 27. g3 Bxa5 28. Nc2 Bb6 29. Bxb6 Nxb6 30. Ne3 Rdd8 31. c4 Kb8 32. b5 axb5 33. Rxb5 Nc8 34. c5 Na7 35. Rb6 Nc6 36. Rab1 Rd7 37. Rxc6 Rhd8 38. Rcb6 1-0

[Event "Bled op 18th"]
[Site "Bled"]
[Date "1997.??.??"]
[Round "6"]
[White "Skok, Joze"]
[Black "Hanser, Michael"]
[Result "0-1"]
[WhiteElo "2125"]
[BlackElo "2150"]
[PlyCount "42"]
[EventDate "1997.03.15"]
[EventType "swiss"]
[EventRounds "9"]
[EventCountry "SLO"]
[SourceTitle "CBM 057 Extra"]
[Source "ChessBase"]
[SourceDate "1997.05.01"]
[SourceVersion "1"]
[SourceVersionDate "1997.05.01"]
[SourceQuality "1"]

1. e4 e5 2. Nf3 Nc6 3. Bb5 a6 4. Ba4 Nf6 5. 0-0 Be7 6. Re1 b5 7. Bb3 0-0 8. c3 d5 9. exd5 Nxd5 10. Nxe5 Nxe5 11. Rxe5 c6 12. Qf3 Bd6 13. Re1 Re8 14. Rxe8+ Qxe8 15. Kf1 Qe5 16. h3 Bd7 17. d4 Qh2 18. g4 Re8 19. Bxd5 cxd5 20. Be3 b4 21. Qg2 Bb5+ 0-1

[Event "Eger Agria op"]
[Site "Eger"]
[Date "1996.??.??"]
[Round "3"]
[White "Csorsz, Ferenc"]
[Black "Hanser, Michael"]
[Result "0-1"]
[WhiteElo "1950"]
[BlackElo "2160"]
[PlyCount "52"]
[EventDate "1996.07.??"]
[EventType "swiss"]
[EventRounds "9"]
[EventCountry "HUN"]
[SourceTitle "EXT 2004"]
[Source "ChessBase"]
[SourceDate "2003.11.25"]
[SourceVersion "1"]
[SourceVersionDate "2003.11.25"]
[SourceQuality "1"]

1. e4 d6 2. d4 g6 3. c3 Bg7 4. Bd3 e5 5. Ne2 Ne7 6. f4 f5 7. 0-0 0-0 8. Qb3+ Kh8 9. Nd2 fxe4 10. Nxe4 d5 11. N4g3 e4 12. Bc2 b6 13. c4 c6 14. a4 Ba6 15. cxd5 cxd5 16. Rf2 Nbc6 17. Be3 Rc8 18. Rc1 Na5 19. Qa2 Nc4 20. Nf1 Nf5 21. Qb3 Ncxe3 22. Nxe3 Bxe2 23. Nxf5 Bc4 24. Nxg7 Bxb3 25. Ne6 Qe7 26. Nxf8 Qxf8 0-1

[Event "Bled op 17th"]
[Site "Bled"]
[Date "1996.??.??"]
[Round "1"]
[White "David, Alberto"]
[Black "Hanser, Michael"]
[Result "1-0"]
[WhiteElo "2455"]
[BlackElo "2235"]
[PlyCount "43"]
[EventDate "1996.03.??"]
[EventType "swiss"]
[EventRounds "9"]
[EventCountry "SLO"]
[SourceTitle "CBM 051 Extra"]
[Source "ChessBase"]
[SourceDate "1996.05.01"]
[SourceVersion "1"]
[SourceVersionDate "1996.05.01"]
[SourceQuality "1"]

1. e4 e5 2. f4 Qh4+ 3. g3 Qe7 4. Nc3 exf4 5. d4 c6 6. Bxf4 Nf6 7. Qe2 d5 8. Bg5 h6 9. Bxf6 Qxf6 10. exd5+ Be7 11. 0-0-0 0-0 12. Bh3 Bb4 13. Bxc8 Rxc8 14. Qg4 Na6 15. Nge2 Bxc3 16. Nxc3 cxd5 17. Nxd5 Qd6 18. Ne3 Nb4 19. a3 Na2+ 20. Kb1 Nc3+ 21. bxc3 Rxc3 22. Qxg7+ 1-0

[Event "Bled op 17th"]
[Site "Bled"]
[Date "1996.??.??"]
[Round "5"]
[White "Gasser, Giorgio"]
[Black "Hanser, Michael"]
[Result "1/2-1/2"]
[WhiteElo "2245"]
[BlackElo "2235"]
[PlyCount "53"]
[EventDate "1996.03.??"]
[EventType "swiss"]
[EventRounds "9"]
[EventCountry "SLO"]
[SourceTitle "CBM 051 Extra"]
[Source "ChessBase"]
[SourceDate "1996.05.01"]
[SourceVersion "1"]
[SourceVersionDate "1996.05.01"]
[SourceQuality "1"]

1. Nf3 Nf6 2. d4 g6 3. c4 Bg7 4. Nc3 0-0 5. e4 d6 6. h3 e5 7. dxe5 dxe5 8. Bg5 Qxd1+ 9. Rxd1 Re8 10. Be2 h6 11. Be3 Na6 12. a3 Bf8 13. 0-0 c6 14. Nh2 Nc5 15. f3 Nh5 16. Ng4 Bxg4 17. hxg4 Nf4 18. Kf2 Nce6 19. Rd2 Bc5 20. Bxc5 Nxc5 21. b4 Nce6 22. g3 Nxe2 23. Nxe2 Red8 24. Rfd1 Kf8 25. Ke3 g5 26. Rd7 Ke8 27. Rxd8+ 1/2-1/2

[Event "Eger Agria op"]
[Site "Eger"]
[Date "1996.??.??"]
[Round "8"]
[White "Hanser, Michael"]
[Black "Miko, Sandor"]
[Result "1-0"]
[WhiteElo "2160"]
[BlackElo "2240"]
[PlyCount "91"]
[EventDate "1996.07.??"]
[EventType "swiss"]
[EventRounds "9"]
[EventCountry "HUN"]
[SourceTitle "EXT 2004"]
[Source "ChessBase"]
[SourceDate "2003.11.25"]
[SourceVersion "1"]
[SourceVersionDate "2003.11.25"]
[SourceQuality "1"]

1. e4 Nf6 2. e5 Nd5 3. c4 Nb6 4. c5 Nd5 5. Bc4 e6 6. Nc3 Nxc3 7. dxc3 Nc6 8. Bf4 Bxc5 9. Qg4 g6 10. h4 d5 11. 0-0-0 h5 12. Qg3 Bd7 13. Bd3 Rg8 14. Nf3 Be7 15. Ng5 Bxg5 16. Bxg5 Ne7 17. Qe3 b6 18. f3 c5 19. g4 d4 20. cxd4 cxd4 21. Qxd4 hxg4 22. fxg4 Bc6 23. Qxd8+ Rxd8 24. Rhf1 Rd5 25. Rfe1 Ra5 26. Kb1 Bd5 27. b3 Nc6 28. Bf6 Nb4 29. Bf1 Nxa2 30. Re3 Kd7 31. h5 Rc8 32. Bc4 Nb4 33. h6 Ra2 34. Bb5+ Kc7 35. Rc1+ Kb7 36. Rxc8 Rh2 37. Rf8 Nc2 38. Rxf7+ Kb8 39. Re2 Na3+ 40. Kb2 Rh3 41. Ba4 Rxh6 42. Kxa3 a6 43. Be7 b5 44. Bd6+ Ka8 45. Rc2 Bc4 46. Rxc4 1-0

[Event "Casino op 3rd"]
[Site "Velden"]
[Date "1995.??.??"]
[Round "2"]
[White "Hanser, Michael"]
[Black "Haider, Bernd"]
[Result "0-1"]
[WhiteElo "2184"]
[BlackElo "2106"]
[PlyCount "80"]
[EventDate "1995.06.30"]
[EventType "swiss"]
[EventRounds "9"]
[EventCountry "AUT"]
[SourceTitle "EXT 2022"]
[Source "ChessBase"]
[SourceDate "2021.10.06"]
[SourceVersion "1"]
[SourceVersionDate "2021.10.06"]
[SourceQuality "1"]

1. e4 d6 2. Nc3 g6 3. h4 Nf6 4. Bc4 Bg7 5. h5 Nc6 6. h6 Bf8 7. d4 e5 8. Nge2 Be7 9. d5 Nb8 10. Ng3 0-0 11. Be2 c6 12. Be3 cxd5 13. exd5 Ne8 14. Qd2 f5 15. f4 exf4 16. Bxf4 g5 17. Bxd6 Qxd6 18. Nh5 Na6 19. 0-0-0 Bd7 20. Bb5 Rd8 21. Rhe1 Nc5 22. Rxe7 Qxe7 23. d6 Nxd6 24. Nd5 Qe5 25. Qxg5+ Kf7 26. Nhf6 Rg8 27. Qh5+ Rg6 28. Nxh7 Nce4 29. Qh4 Rh8 30. Bxd7 Rxh7 31. Qd8 Rgxh6 32. Nc7 Rh8 33. Be8+ Rxe8 34. Nxe8 Qxe8 35. Qa5 Rg6 36. c4 Rxg2 37. c5 Qc6 38. b4 Nc4 39. Qd8 Qh6+ 40. Kb1 Nc3+ 0-1

[Event "Casino op 3rd"]
[Site "Velden"]
[Date "1995.??.??"]
[Round "8"]
[White "Hanser, Michael"]
[Black "Reefschlaeger, Helmut"]
[Result "0-1"]
[WhiteElo "2240"]
[BlackElo "2370"]
[PlyCount "84"]
[EventDate "1995.06.30"]
[EventType "swiss"]
[EventRounds "9"]
[EventCountry "AUT"]
[SourceTitle "EXT 1997"]
[Source "ChessBase"]
[SourceDate "1996.11.15"]
[SourceVersion "1"]
[SourceVersionDate "1996.11.15"]
[SourceQuality "1"]

1. e4 e6 2. Nf3 d5 3. e5 Nh6 4. a3 Nf5 5. d4 c5 6. c3 cxd4 7. cxd4 Nc6 8. Bb5 Bd7 9. Nc3 Be7 10. 0-0 0-0 11. Bd3 Ncxd4 12. Nxd4 Nxd4 13. Bxh7+ Kxh7 14. Qxd4 a6 15. Be3 Rc8 16. f4 Qc7 17. Qd3+ g6 18. f5 Qxe5 19. Bd4 Qxd4+ 20. Qxd4 Bc5 21. Qxc5 Rxc5 22. fxg6+ Kxg6 23. Rae1 f6 24. Re3 Kf7 25. Rf4 Rg8 26. h4 f5 27. b4 Rc7 28. Kf2 Rgc8 29. Ne2 Rc4 30. Nd4 Re8 31. Ne2 Rxf4+ 32. Nxf4 d4 33. Rd3 e5 34. Nh3 Ke6 35. h5 Rh8 36. Ng5+ Kf6 37. Nf3 Rxh5 38. Nxd4 exd4 39. Rxd4 Bc6 40. g4 Rh2+ 41. Ke3 Rh3+ 42. Kd2 Ke5 0-1

[Event "Casino op 3rd"]
[Site "Velden"]
[Date "1995.??.??"]
[Round "7"]
[White "Lendwai, Reinhard"]
[Black "Hanser, Michael"]
[Result "0-1"]
[WhiteElo "2318"]
[BlackElo "2184"]
[PlyCount "122"]
[EventDate "1995.06.30"]
[EventType "swiss"]
[EventRounds "9"]
[EventCountry "AUT"]
[SourceTitle "EXT 2022"]
[Source "ChessBase"]
[SourceDate "2021.10.06"]
[SourceVersion "1"]
[SourceVersionDate "2021.10.06"]
[SourceQuality "1"]

1. e4 e5 2. f4 Qh4+ 3. g3 Qe7 4. fxe5 d6 5. Nc3 dxe5 6. Bc4 Be6 7. Bxe6 Qxe6 8. Nf3 Bc5 9. Rf1 f6 10. Qe2 Ne7 11. d3 Nbc6 12. Be3 Bxe3 13. Qxe3 0-0-0 14. Qc5 b6 15. Qf2 Rhf8 16. 0-0-0 Rd7 17. Kb1 a5 18. Ne2 Nb4 19. Nc1 Rfd8 20. Qe3 c5 21. c3 Nbc6 22. Nd2 Kb7 23. Nc4 Nc8 24. Nb3 Qe7 25. a4 Nd6 26. Nbd2 Nxc4 27. Nxc4 Qe6 28. b3 Ne7 29. Kc2 Qc6 30. Rd2 Nc8 31. Na3 Nd6 32. Rfd1 Kc8 33. c4 g6 34. g4 Nf7 35. Nb5 Qe6 36. Rf1 Nd6 37. Nc3 Rf7 38. Nd5 Kb7 39. Rdf2 Rdf8 40. Qf3 Kc6 41. Kb2 Kb7 42. Ka3 Ka7 43. Qh3 Ne8 44. Qh4 Qd6 45. Rf3 Qe6 46. h3 Qd6 47. R1f2 Qe6 48. Ka2 Kb7 49. Kb1 Kc6 50. Kc2 Kb7 51. Kd2 Kc6 52. Ke2 Kb7 53. Kf1 Kc6 54. Kg1 Kb7 55. Kh1 Kc6 56. Rf1 g5 57. Qg3 Rh8 58. Rf5 h5 59. Kg2 Rh6 60. R1f3 Nd6 61. gxh5 Nxf5 0-1